| 000 | 00466cam a2200193ua 4500 | ||
|---|---|---|---|
| 001 | 4042 | ||
| 005 | 20260515113755.0 | ||
| 008 | 111213n ii |||gr||||Z||||||asm | ||
| 040 | _cMAIN | ||
| 082 | _a891.4511 | ||
| 100 | 1 | _aPhukan, Nilamoni, | |
| 245 | 1 | 1 |
_aNrityarata prithivi _cby Nilamoni Phukan |
| 250 | _a2nd. | ||
| 260 |
_aGuwahati: _bBaruah agency,993. |
||
| 300 |
_a99p: _c23cm. |
||
| 653 | _aAssamese poem | ||
| 653 | _aNrityarata prithivi | ||
| 942 | _cBK | ||
| 999 |
_c3862 _d3862 |
||